Derecho de familia (Registro nro. 135787)

Detalles MARC
000 -LEADER
fixed length control field 00697cam a2200217 4500
005 - DATE AND TIME OF LATEST TRANSACTION
control field 20251001083509.0
008 - FIXED-LENGTH DATA ELEMENTS--GENERAL INFORMATION
fixed length control field 030910s2001 ag 000 0 spa u
020 ## - INTERNATIONAL STANDARD BOOK NUMBER
International Standard Book Number 9507273050 (v. 1)
020 ## - INTERNATIONAL STANDARD BOOK NUMBER
International Standard Book Number 9507273093 (v. 2)
020 ## - INTERNATIONAL STANDARD BOOK NUMBER
International Standard Book Number 9507273247 (v. 3)
050 00 - LIBRARY OF CONGRESS CALL NUMBER
Classification number KHA480
Item number M46 2001
100 1# - MAIN ENTRY--PERSONAL NAME
Personal name Méndez Costa, María Josefa.
245 10 - TITLE STATEMENT
Title Derecho de familia
Statement of responsibility, etc / María Josefa Méndez Costa, Daniel Hugo D'Antonio
250 ## - EDITION STATEMENT
Edition statement 1a ed.
260 ## - PUBLICATION, DISTRIBUTION, ETC. (IMPRINT)
Place of publication, distribution, etc Buenos Aires :
Name of publisher, distributor, etc Rubinzal-Culzoni Editores,
Date of publication, distribution, etc 2001
300 ## - PHYSICAL DESCRIPTION
Extent 3 v. ;
Dimensions 23 cm.
504 ## - BIBLIOGRAPHY, ETC. NOTE
Bibliography, etc Incluye bibliografía
650 #7 - SUBJECT ADDED ENTRY--TOPICAL TERM
Source of heading or term lemb
Topical term or geographic name as entry element Derecho de familia
Geographic subdivision Argentina
700 1# - ADDED ENTRY--PERSONAL NAME
Personal name D'Antonio, Daniel Hugo,
Relator term autor
942 ## - ADDED ENTRY ELEMENTS (KOHA)
Source of classification or shelving scheme Biblioteca del Cogreso de los Estados Unidos
Koha item type Libro
Existencias
Estado de pérdida Fuente de clasificación Estado del daño No para préstamo Ubicación permanente Ubicación actual Apartado o colección Fecha de adquisición Edición Enumeración de Serie / Cronológica Área del conocimiento Clasificación Código de Barras Date last seen Número de copia Costo por reposición Tipo de recurso
  Biblioteca del Cogreso de los Estados Unidos     Biblioteca de la Facultad de Derecho y Ciencias Sociales "Felipe J. Tena" Biblioteca de la Facultad de Derecho y Ciencias Sociales "Felipe J. Tena" General 12/02/2020 1a ed. T:1 Ciencias Sociales y Administrativas KHA480 M46 2001 BFD000012175 12/02/2020 1 1.00 Libro
  Biblioteca del Cogreso de los Estados Unidos     Biblioteca de la Facultad de Derecho y Ciencias Sociales "Felipe J. Tena" Biblioteca de la Facultad de Derecho y Ciencias Sociales "Felipe J. Tena" General 12/02/2020 1a ed. T:2 Ciencias Sociales y Administrativas KHA480 M46 2001 BFD000012176 12/02/2020 2 1.00 Libro
  Biblioteca del Cogreso de los Estados Unidos     Biblioteca de la Facultad de Derecho y Ciencias Sociales "Felipe J. Tena" Biblioteca de la Facultad de Derecho y Ciencias Sociales "Felipe J. Tena" General 12/02/2020 1a ed. T:3 Ciencias Sociales y Administrativas KHA480 M46 2001 BFD000012177 12/02/2020 3 1.00 Libro